Φορτώνει......

Uncle tominte chala

Λεπτομέρειες βιβλιογραφικής εγγραφής
Κύριος συγγραφέας: Beecher Stowe,Harriet
Μορφή: Printed Book
Γλώσσα:Undetermined
Έκδοση: Kottayam D C books 2007
Έκδοση:6
Θέματα:
LEADER 00533nam a2200169Ia 4500
008 140316s9999 xx 000 0 und d
020 |a 8126404434 
082 |a 808.89  |b STO/UN 
100 |a Beecher Stowe,Harriet 
245 |a Uncle tominte chala 
250 |a 6 
260 |a Kottayam  |b D C books  |c 2007 
300 |a 103 
650 |a Childreans Literature 
942 |2 ddc  |c BK 
999 |c 8385  |d 8385 
952 |0 0  |1 0  |2 ddc  |4 0  |6 808_890000000000000_STOUN  |7 0  |9 9562  |a KAUCLV  |b KAUCLV  |c GENERAL  |d 2014-03-18  |o 808.89 STO/UN  |p 216591  |r 2014-03-18  |w 2014-03-18  |y BK